Физика упругости каучука: пер. с англ.

Detalles Bibliográficos
Autor Principal: Трелоар Л. Р. Г. Лесли Рональд Георг
Summary:В книге Трелоара "Физика упругости каучука" кратко, но вместе с тем достаточно полно и ясно описаны основные экспериментальные данные об упругости каучуков и резин и выпукло изложена статистическая теория молекулярных сеток. В книге также обсужден ряд вопросов, важных для понимания проблемы упругости резин в целом. Достаточно подробно освещена кристаллизация каучукоподобных полимеров.
Idioma:ruso
Publicado: Москва, Изд-во иностранной литературы, 1953
Subjects:
Formato: Libro
KOHA link:https://koha.lib.tpu.ru/cgi-bin/koha/opac-detail.pl?biblionumber=318398

MARC

LEADER 00000nam0a2200000 4500
001 318398
005 20231102003055.0
035 |a (RuTPU)RU\TPU\book\343896 
090 |a 318398 
100 |a 20160426d1953 k y0rusy50 ca 
101 1 |a rus  |c eng 
102 |a RU 
105 |a a z 001zy 
200 1 |a Физика упругости каучука  |e пер. с англ.  |f Л. Р. Г. Трелоар 
210 |a Москва  |c Изд-во иностранной литературы  |d 1953 
215 |a 240 с.  |c ил. 
320 |a Библиогр.: с. 230-234 
320 |a Именной и предметный указатель: 235-237 
330 |a В книге Трелоара "Физика упругости каучука" кратко, но вместе с тем достаточно полно и ясно описаны основные экспериментальные данные об упругости каучуков и резин и выпукло изложена статистическая теория молекулярных сеток. В книге также обсужден ряд вопросов, важных для понимания проблемы упругости резин в целом. Достаточно подробно освещена кристаллизация каучукоподобных полимеров. 
606 1 |a Каучук  |x Упругость  |2 stltpush  |3 (RuTPU)RU\TPU\subj\14143  |9 40607 
610 1 |a физика 
610 1 |a физические свойства 
610 1 |a деформация 
610 1 |a энтропия 
610 1 |a изменение 
610 1 |a упругость 
610 1 |a изучение 
610 1 |a отклонения 
610 1 |a фотоупругие свойства 
610 1 |a кристаллизация 
610 1 |a релаксация 
610 1 |a задачи 
610 1 |a решение 
675 |a 678.4.01:53  |v 3 
700 1 |a Трелоар  |b Л. Р. Г.  |g Лесли Рональд Георг 
801 1 |a RU  |b 63413507  |c 20160426 
801 2 |a RU  |b 63413507  |c 20190712  |g RCR 
942 |c BK